=LDR 00000nam 2200000 4500 =001 NUTBA000000000003847 =005 20140828085539.0 =006 =007 =008 =020 ##$$a 978-602-7602-11-3 =035 ##$$0010-081400000000692 =040 ##$$a NBPDMAT =082 ##$$a 616.462 =084 ##$$a 616.462 Oci a =100 ##$$a Oci Yonita =245 ##$$a Ajaibnya terapi herbal tumpas penyakit diabetes / $c Oci Yonita =260 ##$$a Jakarta : $b Dunia Sehat, $c 2012 =300 ##$$a viii, 125 hlm. ; 21 cm. =500 ##$$a Bibliografi : hlm. 124 =650 ##$$a diabetes-Terapi Herbal =990 ##$$a 21407912 =990 ##$$a 0001/BPAP-NTB/20142014 =990 ##$$a 0001/BPAP-NTB/20142014 =990 ##$$a 0001/BPAP-NTB/20142014 =990 ##$$a 0001/BPAP-NTB/20142014 =990 ##$$a 0001/BPAP-NTB/20142014 =990 ##$$a 0001/BPAP-NTB/20142014 =990 ##$$a 0001/BPAP-NTB/20142014 =990 ##$$a 0001/BPAP-NTB/20142014 =990 ##$$a 0001/BPAP-NTB/20142014 =990 ##$$a 0001/BPAP-NTB/20142014 =990 ##$$a 0001/BPAP-NTB/20142015 =990 ##$$a 0001/BPAP-NTB/20142015